Canadian Cities By Province #1 - Statistics

General Stats
  • This quiz has been taken 36 times
  • The average score is 12 of 15
Answer Stats
City Province / Territory % Correct
Edmonton Alberta
100%
Vancouver British Columbia
97%
Waterloo Ontario
90%
Mississauga Ontario
86%
Laval Quebec
86%
Abbotsford British Columbia
83%
Halifax Nova Scotia
83%
Whitehorse Yukon
79%
Nanaimo British Columbia
76%
Charlottetown Prince Edward Island
76%
Fort Saskatchewan Alberta
72%
Brandon Manitoba
72%
Moncton New Brunswick
72%
Belleville Ontario
72%
Miramichi New Brunswick
52%
No matching quizzes found
Score Distribution
Percent of People with Each Score
Percentile by Number Answered
Your Score History
You have not taken this quiz